CAF Champions League-Sieger - Statistiken

Allgemein
  • Dieses Quiz wurde 7 mal gespielt
  • Das Durchschnittsergebnis liegt bei 10 aus 27
Antwortstatistiken
Saison Land Club % Korrekt
1982 + 11 weitere Ägypten al Ahly SC
86%
2016 Südafrika Mamelodi Sundowns
71%
1995 Südafrika Orlando Pirates
71%
1989 + 2 weitere Marokko Raja Casablanca
71%
1992 Marokko Wydad Casablanca
71%
2024/25 Ägypten Pyramids FC
57%
1984 + 4 weitere Ägypten al Zamalek SC
43%
1994 + 3 weitere Tunesien Espérance Tunis
43%
1985 Marokko FAR Rabat
43%
1967 + 4 weitere D.R. Kongo Tout Puissant Mazembe
43%
2000 Ghana Accra Hearts of Oak
29%
1970 + 1 weitere Ghana Asante Kotoko SC
29%
1998 Elfenbeinküste ASEC Mimosas
29%
1973 Zaire AS Vita Club
29%
1971 + 2 weitere Kamerun Canon Yaoundé
29%
1974 Republik Kongo CARA Brazzaville
29%
2003 + 1 weitere Nigeria Enyimba FC
29%
1988 + 1 weitere Algerien ES Sétif
29%
1972 + 2 weitere Guinea Hafia FC
29%
1964 Kamerun Oryx Douala
29%
1966 Elfenbeinküste Stade d’Abidjan
29%
1979 Kamerun Union Douala
29%
1991 Tunesien Club Africain Tunis
14%
2007 Tunesien Étoile Sportive du Sahel
14%
1969 Vereinigte Arabische Republik (Ägypten) Ismaily SC
14%
1981 + 1 weitere Algerien JS Kabylie
14%
1976 Algerien MC Algier
14%
Keine übereinstimmenden Quizze gefunden
Verteilung der Resultate
Anzahl Personen mit jedem Resultat
Perzentil nach korrekt beantworteten Fragen
Ihre Resultats-Entwicklung
Sie haben dieses Quiz noch nicht gespielt